| 000 | 00671nam a22002177a 4500 | ||
|---|---|---|---|
| 005 | 20171023112009.0 | ||
| 010 | _aENG-121023 | ||
| 020 |
_c900.00 _a9788186921548 |
||
| 020 |
_c900.00 _a8186921540 |
||
| 035 | _aEN-104555 | ||
| 037 | _bDBAD/PUB | ||
| 082 | _a121 | ||
| 245 |
_aEpistemology, science and cognition / _cedited by Prajit K. Basu [and] S.G. Kulkarni |
||
| 260 |
_aNew Delhi _bDecent Books _c2011 |
||
| 270 |
_aD-36/ A-1, Mohan Garden, Najafgarh Road _bNew Delhi _e110059 |
||
| 300 |
_aviii,392p. _c22.5cm(Hb) |
||
| 500 | _aIncludes indexes | ||
| 700 | _aBasu, Prajit K. | ||
| 700 | _aKulkarni, S.G. | ||
| 942 |
_2ddc _cEN _h121 _mEPI |
||
| 999 |
_c146763 _d146763 |
||